Online
Catalog

Espejos y figuras : (Record no. 1998)

MARC details
000 -CABECERA
campo de control de longitud fija 00652cam a2200205 a 4500
001 - NÚMERO DE CONTROL
campo de control 000002147
005 - FECHA Y HORA DE LA ÚLTIMA TRANSACCIÓN
campo de control 20200929145841.0
008 - DATOS DE LONGITUD FIJA--INFORMACIÓN GENERAL
campo de control de longitud fija 851021s1968 sp af 001 p spa
010 ## - NÚMERO DE CONTROL DE LA BIBLIOTECA DEL CONGRESO
Número de control de LC 85595505
040 ## - FUENTE DE LA CATALOGACIÓN
Centro catalogador/agencia de origen DO-SdBNP
Lengua de catalogación spa
Centro/agencia transcriptor BNPHU
082 ## - NÚMERO DE LA CLASIFICACIÓN DECIMAL DEWEY
Número de clasificación 861.64
Número de documento/Ítem Z35e, 1968
100 1# - ENTRADA PRINCIPAL--NOMBRE DE PERSONA
Nombre de persona Zapata Acosta, Ramón.
9 (RLIN) 6868
245 10 - MENCIÓN DE TÍTULO
Título Espejos y figuras :
Resto del título poemas /
Mención de responsabilidad, etc. Ramón Zapata Acosta ; prólogo por Francisco Lluch Mora.
250 ## - MENCIÓN DE EDICIÓN
Mención de edición 2a ed.
260 ## - PUBLICACIÓN, DISTRIBUCIÓN, ETC.
Lugar de publicación, distribución, etc. Barcelona :
Nombre del editor, distribuidor, etc. Ediciones Rvmbos,
Fecha de publicación, distribución, etc. 1968.
300 ## - DESCRIPCIÓN FÍSICA
Extensión 87 p. :
Otras características físicas il. ;
Dimensiones 25 cm.
650 #4 - PUNTO DE ACCESO ADICIONAL DE MATERIA--TÉRMINO DE MATERIA
Término de materia o nombre geográfico como elemento de entrada Poesía española
9 (RLIN) 631
650 #4 - PUNTO DE ACCESO ADICIONAL DE MATERIA--TÉRMINO DE MATERIA
Término de materia o nombre geográfico como elemento de entrada Literatura española
9 (RLIN) 632
700 1# - PUNTO DE ACCESO ADICIONAL--NOMBRE DE PERSONA
Nombre de persona Francisco Lluch Mora
Término indicativo de función/relación pról.
9 (RLIN) 6869
Holdings
Estado de retiro Estado de pérdida Restricciones de uso No para préstamo Código de colección Localización permanente Ubicación/localización actual Ubicación en estantería Fecha de adquisición Número de inventario Total de préstamos Signatura topográfica completa Código de barras Fecha visto por última vez Precio válido a partir de Tipo de ítem Koha
    Préstamo interno   Monografías: Libros y Folletos General General En catalogación 17.07.2009 LF1   861.64 Z35e, 1968 2147-10 25.06.2020 25.06.2020 Préstamo interno

Powered by Koha